000 00297nam a2200145Ia 4500
100 _aKanetkar/ Y.
942 _cBK
654 _aLet Us 'C'
245 _aLet us C
260 _bB.P.B.Publications
_aNew Delhi
_c1999
082 _a5.133
_bKAN
300 _a772
546 _aENGLISH
999 _c25921
_d25921